[Event "Katowice"]
[Site "Katowice"]
[Date "2018.05.10"]
[Round "6.3"]
[White "Frolov, Artur"]
[Black "Piesik, Piotr"]
[Result "1/2-1/2"]
[WhiteElo "2432"]
[BlackElo "2372"]
[PlyCount "180"]
[EventDate "2018.??.??"]

1. e4 e6 2. d4 d5 3. Nd2 dxe4 4. Nxe4 Bd7 5. Nf3 Bc6 6. Bd3 Nd7 7. O-O Ngf6 8.
Qe2 Nxe4 9. Bxe4 Bxe4 10. Qxe4 c6 11. Bg5 Be7 12. Bxe7 Qxe7 13. a3 O-O 14. b4
Nf6 15. Qe5 Rfd8 16. c4 b5 17. Rfc1 a5 18. Qc5 Qb7 19. Ne5 Rdc8 20. bxa5 Rxa5
21. Rab1 Ne4 22. Qb4 Rca8 23. cxb5 Rxb5 24. Qe1 Nd6 25. Ra1 Ra6 26. a4 Rb3 27.
a5 h6 28. h3 Qa8 29. Nd7 Rb5 30. Rc5 Nb7 31. Rxb5 cxb5 32. Qe4 Nxa5 33. Qxa8+
Rxa8 34. Nc5 Ra7 35. Rb1 Nc6 36. Rxb5 Nxd4 37. Rb2 Rc7 38. Nd3 g5 39. g3 Kg7
40. Kg2 Kf6 41. Rb4 Nf5 42. Ne1 Rc3 43. Nf3 Rd3 44. h4 Ne7 45. hxg5+ hxg5 46.
Rd4 Rxd4 47. Nxd4 Ke5 48. Nf3+ Kf5 49. Nd2 Nc6 50. Kf3 Ne5+ 51. Ke2 Kg4 52. Ne4
Nc4 53. f3+ Kf5 54. Nf2 Nd6 55. Ke3 e5 56. g4+ Ke6 57. Nd3 Kd5 58. Nb4+ Kc4 59.
Nc6 Kd5 60. Nb4+ Ke6 61. Nd3 Ne8 62. Nc5+ Kd5 63. Ne4 f6 64. Kd3 Ke6 65. Nc5+
Kd6 66. Ne4+ Ke7 67. Ke3 Nd6 68. Nc5 Kd8 69. Kd3 Ke7 70. Ke3 Kf7 71. Kd3 Kg6
72. Ne4 Nb5 73. Ng3 Nd4 74. Ke4 Kf7 75. Nh5 Nb5 76. Ng3 Ke6 77. Kd3 Nd6 78. Ne4
Nb7 79. Ke3 Kf7 80. Kd3 Kg6 81. Ng3 Nc5+ 82. Ke3 Kf7 83. Ne4 Nd7 84. Ng3 Ke6
85. Nf5 Nb6 86. Ke4 Nc8 87. Ng3 Ne7 88. Kd3 f5 89. gxf5+ Nxf5 90. Ne4 Kd5
1/2-1/2

[Event "Katowice"]
[Site "Katowice"]
[Date "2018.05.11"]
[Round "7.1"]
[White "Pacan-Milej, Kosma"]
[Black "Krzywda, Andrzej"]
[Result "0-1"]
[WhiteElo "2301"]
[BlackElo "2163"]
[PlyCount "122"]
[EventDate "2018.??.??"]

1. e4 c5 2. Nf3 e6 3. b3 Nf6 4. e5 Nd5 5. Bb2 Nc6 6. g3 f5 7. Bg2 a6 8. O-O Qc7
9. c4 Nde7 10. Re1 b6 11. d4 cxd4 12. Nxd4 Bb7 13. Nc3 Nxd4 14. Qxd4 Bxg2 15.
Kxg2 Nc6 16. Qf4 Qb7 17. Kg1 Bc5 18. Rad1 O-O 19. a3 Rac8 20. Re2 Rf7 21. Red2
Bf8 22. b4 Qc7 23. Na4 Rb8 24. Rc1 Qb7 25. Qe3 h6 26. c5 bxc5 27. Nxc5 Bxc5 28.
Qxc5 Ne7 29. Qc7 Nd5 30. Qxb7 Rxb7 31. Bd4 Rf8 32. Rdc2 g5 33. Bc5 Ra8 34. Bd6
Kf7 35. Rc8 Rxc8 36. Rxc8 g4 37. Rf8+ Kg6 38. Ra8 Rb6 39. Ra7 Rc6 40. Rxd7 Rc1+
41. Kg2 f4 42. gxf4 h5 43. f3 Rc2+ 44. Kg3 Rc3 45. f5+ exf5 46. Bc5 Rxf3+ 47.
Kg2 Nf4+ 48. Kg1 h4 49. Rd6+ Kf7 50. Rd7+ Ke6 51. Re7+ Kd5 52. Rd7+ Kxe5 53.
Rd2 Rxa3 54. b5 Ra1+ 55. Kf2 Nh3+ 56. Kg2 Nf4+ 57. Kf2 Nh3+ 58. Kg2 Rc1 59.
Bd4+ Ke4 60. bxa6 Nf4+ 61. Kf2 Nd3+ 0-1

[Event "Katowice"]
[Site "Katowice"]
[Date "2018.05.11"]
[Round "7.2"]
[White "Bakalarz, Mietek"]
[Black "Molchanov, Oleksii"]
[Result "1/2-1/2"]
[WhiteElo "2288"]
[BlackElo "2355"]
[PlyCount "116"]
[EventDate "2018.??.??"]

1. d4 d5 2. Nf3 Nf6 3. Bf4 c5 4. e3 Nc6 5. dxc5 e6 6. Be2 Bxc5 7. O-O O-O 8.
Nbd2 Qe7 9. Ne5 Rd8 10. c3 Ne8 11. Qb3 f6 12. Nd3 e5 13. Bg3 Bb6 14. c4 Be6 15.
Qa4 Ba5 16. cxd5 Rxd5 17. Ne4 Rad8 18. Rfd1 Qd7 19. Ndc5 b5 20. Nxd7 bxa4 21.
Ndc5 Bf7 22. Nxa4 Rxd1+ 23. Bxd1 Nd6 24. Bf3 Nf5 25. a3 Nce7 26. b4 Bc7 27. Rd1
h5 28. Rxd8+ Bxd8 29. h3 Nd5 30. Bh2 Nb6 31. Nxb6 Bxb6 32. g4 hxg4 33. hxg4 Nh4
34. Be2 Bd5 35. Bg3 Ng6 36. Bd3 Ne7 37. Kf1 Kf7 38. Ke2 a5 39. Nd6+ Ke6 40. Nc4
axb4 41. axb4 Bd8 42. Nd2 Kd7 43. b5 Be6 44. f3 Nd5 45. Ne4 Bb6 46. Bf2 Ke7 47.
Ng3 Bd7 48. Nf5+ Kf8 49. Be1 Bc5 50. Ba5 g6 51. Nh4 Kg7 52. Nxg6 Bxb5 53. Nxe5
Bxd3+ 54. Nxd3 Bxe3 55. Nb4 Bb6 56. Bxb6 Nxb4 57. f4 f5 58. gxf5 Kf6 $11
1/2-1/2

[Event "Katowice"]
[Site "Katowice"]
[Date "2018.05.11"]
[Round "7.3"]
[White "Piesik, Piotr"]
[Black "Teclaf, Pawel"]
[Result "1/2-1/2"]
[WhiteElo "2372"]
[BlackElo "2373"]
[PlyCount "106"]
[EventDate "2018.??.??"]

1. Nf3 c5 2. e4 e6 3. d3 Nc6 4. g3 g6 5. Bg2 Bg7 6. O-O Nge7 7. c3 d5 8. Qe2 b6
9. Na3 Ba6 10. e5 h6 11. h4 O-O 12. Bf4 Nf5 13. Qd2 f6 14. Rfe1 g5 15. exf6
gxf4 16. fxg7 Nxg7 17. Ne5 Nxe5 18. Rxe5 Qf6 19. Rae1 Qg6 20. gxf4 Qxd3 21.
Qxd3 Bxd3 22. c4 Rad8 23. cxd5 exd5 24. Bxd5+ Kh8 25. R1e3 Bh7 26. Nb5 Rxf4 27.
Nxa7 Rdf8 28. f3 Nf5 29. R3e4 Rxf3 30. Re8 Nd4 31. Rxf8+ Rxf8 32. Re7 Bg8 33.
Be4 Rf4 34. h5 Rf7 35. Rxf7 Bxf7 36. Nc8 b5 37. a3 Bxh5 38. Kf2 Kg7 39. Ke3 Bg6
40. b4 cxb4 41. axb4 Nc2+ 42. Kf4 Bxe4 43. Kxe4 Kf6 44. Nd6 Na3 45. Kf4 Ke6 46.
Nf5 Nc2 47. Nxh6 Kd5 48. Nf5 Nxb4 49. Ke3 Nc6 50. Kd3 Kc5 51. Kc3 b4+ 52. Kb2
Ne5 53. Ne3 Nc4+ $11 1/2-1/2

[Event "Katowice"]
[Site "Katowice"]
[Date "2018.05.11"]
[Round "7.4"]
[White "Szustakowski, Antoni"]
[Black "Frolov, Artur"]
[Result "1-0"]
[WhiteElo "2331"]
[BlackElo "2432"]
[PlyCount "55"]
[EventDate "2018.??.??"]

1. d4 Nf6 2. c4 g6 3. Nc3 Bg7 4. e4 d6 5. Be2 O-O 6. Bg5 h6 7. Be3 e5 8. d5 Na6
9. Qd2 Nc5 10. f3 Nh5 11. g3 Kh7 12. O-O-O b6 13. g4 Nf4 14. h4 f5 15. h5 Nxe2+
16. Qxe2 f4 17. hxg6+ Kxg6 18. Bxc5 bxc5 19. Rh5 Rh8 20. Nh3 Bd7 21. Rh1 Bf6
22. Qh2 Qc8 23. Ne2 Qa6 24. g5 Qxc4+ 25. Nc3 hxg5 26. Nf2 Bg7 27. Rh7 Kf6 28.
Qh6+ 1-0

[Event "Katowice"]
[Site "Katowice"]
[Date "2018.05.11"]
[Round "7.5"]
[White "Molenda, Marcin"]
[Black "Shkuran, Danylo"]
[Result "1-0"]
[WhiteElo "2383"]
[BlackElo "2395"]
[PlyCount "61"]
[EventDate "2018.??.??"]

1. d4 d5 2. c4 c6 3. Nf3 Nf6 4. e3 e6 5. b3 Nbd7 6. Bb2 Be7 7. Bd3 O-O 8. Nc3
b6 9. O-O Bb7 10. Qc2 h6 11. Ne5 dxc4 12. bxc4 c5 13. Rad1 cxd4 14. exd4 a6 15.
Qe2 Nxe5 16. dxe5 Nd7 17. Bb1 g6 18. Qd2 Nxe5 19. Qf4 Nd7 20. Ne4 g5 21. Qf3 f5
22. Qh5 Kh7 23. Nd6 Bxd6 24. Rxd6 Qe7 25. Rfd1 Rad8 26. R1d3 Qf7 27. Qd1 Bc8
28. Bc2 Rfe8 29. Ba4 Re7 30. Bc6 Kg8 31. Bc3 1-0

[Event "Katowice"]
[Site "Katowice"]
[Date "2018.05.11"]
[Round "8.1"]
[White "Krzywda, Andrzej"]
[Black "Shkuran, Danylo"]
[Result "1/2-1/2"]
[WhiteElo "2163"]
[BlackElo "2395"]
[PlyCount "45"]
[EventDate "2018.??.??"]

1. e4 c6 2. d4 d5 3. exd5 cxd5 4. Bd3 Nf6 5. c3 Nc6 6. h3 g6 7. Nf3 Bg7 8. O-O
O-O 9. Bf4 Bf5 10. Bxf5 gxf5 11. Ne1 Kh8 12. Nd3 Rg8 13. Nd2 Ne4 14. f3 Nxd2
15. Qxd2 e6 16. Kh1 Bf6 17. Rae1 Bg5 18. Re2 Bxf4 19. Qxf4 Qb8 20. Qh4 Qd8 21.
Qf4 Qb8 22. Qh4 Qd8 23. Qf4 $11 1/2-1/2

[Event "Katowice"]
[Site "Katowice"]
[Date "2018.05.11"]
[Round "8.2"]
[White "Frolov, Artur"]
[Black "Molenda, Marcin"]
[Result "1/2-1/2"]
[WhiteElo "2432"]
[BlackElo "2383"]
[PlyCount "101"]
[EventDate "2018.??.??"]

1. e4 c5 2. Nf3 e6 3. d4 cxd4 4. Nxd4 Nc6 5. Nc3 Qc7 6. Be3 a6 7. f3 Nf6 8. Qd2
Bb4 9. a3 Be7 10. g4 Ne5 11. g5 Nh5 12. f4 Nc4 13. Bxc4 Qxc4 14. Qe2 Qxe2+ 15.
Ndxe2 b5 16. Ng3 Nxg3 17. hxg3 Bb7 18. Bd4 f6 19. gxf6 gxf6 20. Rh6 O-O 21.
O-O-O Rf7 22. f5 Rc8 23. Kd2 e5 24. Bf2 b4 25. axb4 Bxb4 26. Rh4 a5 27. Be1
Bxc3+ 28. bxc3 a4 29. Ra1 Bc6 30. c4 Rb8 31. Kd3 Rg7 32. c5 Rg5 33. g4 Rg7 34.
Bd2 Bb5+ 35. Kc3 Bc6 36. Bh6 Rf7 37. g5 fxg5 38. Rg4 Kh8 39. Rxg5 Bxe4 40. Rag1
a3 41. Bg7+ Rxg7 42. Rxg7 Bxf5 43. Re7 a2 44. Rxe5 Be6 45. Ree1 Rb5 46. Kd4
Rb4+ 47. Kd3 Rb5 48. Kd4 Rb4+ 49. Kd3 Rb5 50. Kd4 Rb4+ 51. Kd3 1/2-1/2

[Event "Katowice"]
[Site "Katowice"]
[Date "2018.05.11"]
[Round "8.3"]
[White "Teclaf, Pawel"]
[Black "Szustakowski, Antoni"]
[Result "1/2-1/2"]
[WhiteElo "2373"]
[BlackElo "2331"]
[PlyCount "129"]
[EventDate "2018.??.??"]

1. e4 e6 2. d4 d5 3. Nd2 c5 4. exd5 Qxd5 5. Ngf3 cxd4 6. Bc4 Qd7 7. Nb3 Nc6 8.
Nbxd4 Nxd4 9. Nxd4 a6 10. Bf4 Nf6 11. a4 Bc5 12. Be5 O-O 13. c3 Qe7 14. O-O Rd8
15. Qf3 Bd6 16. Rae1 h6 17. Qg3 Bxe5 18. Qxe5 Qd6 19. Qe2 Bd7 20. Bb3 Bc6 21.
f4 Be4 22. g4 Qc5 23. h4 Bg6 24. Qg2 Rxd4 25. cxd4 Qxd4+ 26. Qf2 Qb4 27. Qf3
Nxg4 28. Bxe6 Qd4+ 29. Kh1 Nf6 30. Qxb7 Rf8 31. Qg2 Be4 32. Rxe4 Nxe4 33. Bf5
Nd6 34. Bc2 Qf6 35. Qf2 Nf5 36. b4 Nxh4 37. b5 axb5 38. axb5 Nf5 39. Be4 Nd4
40. Rb1 Rb8 41. Bd3 Qd6 42. Qe3 Qd5+ 43. Kg1 g6 44. b6 Qc5 45. b7 Nb3 46. Qxc5
Nxc5 47. Rc1 Nxb7 48. Rb1 Rd8 49. Bxg6 fxg6 50. Rxb7 Rd4 51. f5 Rg4+ 52. Kh2
gxf5 53. Kh3 Rg7 54. Rb5 Rf7 55. Kg3 Kg7 56. Kf4 Kg6 57. Rb6+ Rf6 58. Rb8 Kh5
59. Rb5 Kg6 60. Rb8 Ra6 61. Rg8+ Kf7 62. Rb8 Ra5 63. Rb6 Kg7 64. Rc6 h5 65. Kg5
$11 1/2-1/2

[Event "Katowice"]
[Site "Katowice"]
[Date "2018.05.11"]
[Round "8.4"]
[White "Molchanov, Oleksii"]
[Black "Piesik, Piotr"]
[Result "1/2-1/2"]
[WhiteElo "2355"]
[BlackElo "2372"]
[PlyCount "232"]
[EventDate "2018.??.??"]

1. c4 e5 2. g3 Nf6 3. Bg2 d5 4. cxd5 Nxd5 5. Nc3 Nb6 6. e3 Be7 7. Nge2 O-O 8.
f4 exf4 9. Nxf4 N8d7 10. O-O Nf6 11. b3 c6 12. Bb2 Bg4 13. Qc2 Nbd5 14. Ncxd5
Nxd5 15. Be4 Nb4 16. Bxh7+ Kh8 17. Ng6+ fxg6 18. Qxg6 Bf6 19. Bxf6 Rxf6 20.
Qxg4 Rxf1+ 21. Rxf1 Qxd2 22. Bb1 Qxe3+ 23. Kh1 Nd5 24. Qf5 Nf6 25. Qg6 Qe7 26.
g4 Rd8 27. Bd3 Qe8 28. Qxe8+ Rxe8 29. g5 Ng4 30. g6 Ne5 31. Bc2 a5 32. Rf4 b5
33. h4 Kg8 34. Bf5 c5 35. h5 c4 36. bxc4 bxc4 37. Be4 c3 38. Bd5+ Kh8 39. Bb3
Rc8 40. a3 Nd7 41. Bc2 Nf6 42. Kg2 Rd8 43. Kf3 Rd2 44. Ba4 Ra2 45. Rc4 Rxa3 46.
Rc8+ Ng8 47. Bc2 a4 48. Ke3 Ra1 49. Ke2 Rh1 50. Bxa4 c2 51. Bxc2 Rxh5 52. Rc3
Ne7 53. Rc7 Rh2+ 54. Kf3 Rxc2 55. Rxc2 Nxg6 56. Kg4 Kg8 57. Kf5 Nf8 58. Rc7 Kh7
59. Ra7 Kg8 60. Ke5 Kh7 61. Ra8 Kg8 62. Kd6 Kf7 63. Ra1 Nh7 64. Rf1+ Nf6 65.
Rf3 Kg6 66. Ke7 Ng4 67. Kf8 Ne5 68. Rg3+ Kf5 69. Kxg7 Kf4 70. Ra3 Kf5 71. Ra1
Ke6 72. Rf1 Nd7 73. Rf2 Ne5 74. Rf6+ Kd5 75. Ra6 Nd7 76. Kf7 Ne5+ 77. Kf6 Nc6
78. Ra1 Nd4 79. Ra5+ Kd6 80. Ra8 Kd5 81. Re8 Nc6 82. Re1 Nd4 83. Re5+ Kd6 84.
Ra5 Nc6 85. Ra4 Kd5 86. Kf5 Nd4+ 87. Kf4 Ne6+ 88. Ke3 Nc5 89. Rd4+ Ke5 90. Rh4
Kd5 91. Rh8 Ne6 92. Rh5+ Kc4 93. Ke4 Nc5+ 94. Ke5 Nd3+ 95. Kd6 Kd4 96. Rh4+ Ke3
97. Ra4 Nf4 98. Ke5 Nd3+ 99. Kf5 Kf3 100. Re4 Nf2 101. Rh4 Ke3 102. Rh2 Nd3
103. Ra2 Kd4 104. Ra4+ Ke3 105. Re4+ Kf3 106. Re8 Nf2 107. Ke5 Ke3 108. Kd5+
Kd3 109. Re1 Kd2 110. Ra1 Ke3 111. Ra3+ Kf4 112. Kd4 Ng4 113. Ra1 Kf5 114. Rf1+
Ke6 115. Rf4 Nf6 116. Rxf6+ Kxf6 1/2-1/2

[Event "Katowice"]
[Site "Katowice"]
[Date "2018.05.12"]
[Round "9.1"]
[White "Bakalarz, Mietek"]
[Black "Krzywda, Andrzej"]
[Result "0-1"]
[WhiteElo "2288"]
[BlackElo "2163"]
[PlyCount "88"]
[EventDate "2018.??.??"]

1. e4 c5 2. c3 Nf6 3. e5 Nd5 4. d4 cxd4 5. Nf3 e6 6. cxd4 d6 7. a3 Be7 8. Bd3
O-O 9. Qe2 Nc6 10. Bd2 Qb6 11. Qe4 f5 12. exf6 Nxf6 13. Qh4 Qxb2 14. Bc3 Qc1+
15. Ke2 Qh6 16. Qxh6 gxh6 17. Bd2 Kg7 18. Nc3 Bd7 19. Rhe1 Rac8 20. Kf1 d5 21.
Rab1 Bxa3 22. Rxb7 Rb8 23. Ba6 Bb4 24. Nb5 Bxd2 25. Nxd2 Nb4 26. Nc7 Nxa6 27.
Nxe6+ Kg8 28. Rxa7 Rfe8 29. f4 Nb4 30. f5 Nc2 31. Rc1 Ne3+ 32. Kf2 Nxf5 33. Nc5
Rb2 34. Nxd7 Rxd2+ 35. Kg1 Nxd7 36. Rxd7 Nxd4 37. Ra1 Nc2 38. Rc1 Re1+ 39. Rxe1
Nxe1 40. Rd8+ Kg7 41. Rd7+ Kg6 42. Rd6+ Kh5 43. g4+ Kxg4 44. Rxh6 Nf3+ 0-1

[Event "Katowice"]
[Site "Katowice"]
[Date "2018.05.12"]
[Round "9.2"]
[White "Piesik, Piotr"]
[Black "Pacan-Milej, Kosma"]
[Result "1-0"]
[WhiteElo "2372"]
[BlackElo "2301"]
[PlyCount "105"]
[EventDate "2018.??.??"]

1. Nf3 d5 2. g3 Bg4 3. Bg2 Nd7 4. O-O c6 5. d3 e5 6. Nbd2 Ngf6 7. e4 Bd6 8. h3
Bh5 9. Qe1 O-O 10. Nh4 Re8 11. Nf5 Bf8 12. Nb3 a5 13. a4 Nc5 14. Nxc5 Bxc5 15.
g4 Bg6 16. Ng3 dxe4 17. dxe4 Qb6 18. Qe2 h6 19. h4 Nd7 20. h5 Bh7 21. g5 hxg5
22. Bxg5 Nf8 23. Qg4 Ne6 24. Bf6 Kh8 25. Bxe5 f6 26. Bc3 Bd4 27. Bxd4 Qxd4 28.
Rfd1 Qe5 29. Rd7 Qxb2 30. Rad1 Qe5 31. Rxb7 Rad8 32. Rxd8 Rxd8 33. Kh2 Bg8 34.
Qg6 Bh7 35. Qf7 Bg8 36. Qg6 Bh7 37. Qg4 Bg8 38. Kg1 Qf4 39. Qxf4 Nxf4 40. Nf5
Rd1+ 41. Kh2 Rd2 42. Bf3 Ne6 43. Kg3 Rxc2 44. Bg4 Nc5 45. Re7 Be6 46. f3 Rc3
47. Nd6 Rd3 48. Bxe6 Rxd6 49. Re8+ Kh7 50. Bf5+ g6 51. hxg6+ Kg7 52. Re7+ Kg8
53. Kg4 1-0

[Event "Katowice"]
[Site "Katowice"]
[Date "2018.05.12"]
[Round "9.3"]
[White "Szustakowski, Antoni"]
[Black "Molchanov, Oleksii"]
[Result "1/2-1/2"]
[WhiteElo "2331"]
[BlackElo "2355"]
[PlyCount "85"]
[EventDate "2018.??.??"]

1. d4 d5 2. c4 e6 3. Nc3 c6 4. e4 dxe4 5. Nxe4 Bb4+ 6. Bd2 Qxd4 7. Bxb4 Qxe4+
8. Ne2 a5 9. Ba3 Nd7 10. Qd6 Qe5 11. Qd2 c5 12. O-O-O Ngf6 13. f4 Qb8 14. g4
O-O 15. g5 Ne4 16. Qe3 Nd6 17. Nc3 Nf5 18. Qd2 Nd4 19. Ne2 e5 20. fxe5 Ne6 21.
Bg2 Qxe5 22. h4 Nb6 23. Qc2 Nf4 24. Nxf4 Qxf4+ 25. Qd2 Qxc4+ 26. Kb1 Qb5 27.
Qd6 Nc4 28. Qxc5 Nxa3+ 29. Qxa3 Be6 30. Ka1 Rad8 31. Be4 g6 32. Bc2 Rc8 33. Bb1
Rfd8 34. Qe7 Rxd1 35. Rxd1 Qe5 36. h5 gxh5 37. Rf1 Rc7 38. Qd8+ Kg7 39. Re1 Rd7
40. Qxd7 Qxe1 41. Qd4+ Kf8 42. Qd8+ Kg7 43. Qf6+ $11 1/2-1/2

[Event "Katowice"]
[Site "Katowice"]
[Date "2018.05.12"]
[Round "9.4"]
[White "Molenda, Marcin"]
[Black "Teclaf, Pawel"]
[Result "0-1"]
[WhiteElo "2383"]
[BlackElo "2373"]
[PlyCount "96"]
[EventDate "2018.??.??"]

1. d4 e6 2. c4 d5 3. Nf3 c5 4. cxd5 exd5 5. g3 Nc6 6. Bg2 Nf6 7. O-O Be7 8. Nc3
O-O 9. dxc5 Bxc5 10. Bg5 d4 11. Bxf6 Qxf6 12. Ne4 Qe7 13. Nxc5 Qxc5 14. Rc1 Qb6
15. Qd2 Be6 16. b3 Rad8 17. Ng5 Bf5 18. Ne4 Rfe8 19. Nc5 Bc8 20. Rfe1 Ne5 21.
Qf4 Qa5 22. Bxb7 Ng6 23. Qf3 d3 24. Red1 Ne5 25. Qe4 Nd7 26. b4 Qb6 27. Nxd7
Bxd7 28. Qf3 dxe2 29. Re1 Qxb4 30. Bd5 Bg4 31. Qxf7+ Kh8 32. h3 Re7 33. Qf4
Qxf4 34. gxf4 Bh5 35. Bb3 Re4 36. f5 Re5 37. Kg2 Rxf5 38. Rc3 Rdf8 39. f3 Rxf3
40. Rxf3 Rxf3 41. Bc4 Rf8 42. Bxe2 Re8 43. Kf2 Rxe2+ 44. Rxe2 Bxe2 45. Kxe2 g5
46. Kf3 Kg7 47. Ke4 Kf6 48. a3 h5 0-1

[Event "Katowice"]
[Site "Katowice"]
[Date "2018.05.12"]
[Round "9.5"]
[White "Shkuran, Danylo"]
[Black "Frolov, Artur"]
[Result "1/2-1/2"]
[WhiteElo "2395"]
[BlackElo "2432"]
[PlyCount "60"]
[EventDate "2018.??.??"]

1. e4 e5 2. Nf3 Nc6 3. Bc4 Bc5 4. Nc3 Nf6 5. d3 d6 6. h3 h6 7. O-O Be6 8. Bb3
Nd4 9. Nxd4 Bxd4 10. Be3 Bxe3 11. fxe3 Qe7 12. Bxe6 fxe6 13. d4 O-O 14. Qe2 Nd7
15. Rxf8+ Rxf8 16. Rf1 Rxf1+ 17. Kxf1 Qf6+ 18. Qf2 Qxf2+ 19. Kxf2 c6 20. Nb1
Kf7 21. Nd2 d5 22. exd5 exd5 23. c3 e4 24. Nb3 b6 25. Nd2 Ke6 26. Ke2 h5 27.
Kf2 Kf5 28. Nf1 h4 29. g4+ Ke6 30. Nd2 Kf6 $11 1/2-1/2